一駅あたりの人口TOP20・ワースト20-北海道- - Statistics

General Stats
  • This quiz has been taken 19 times
  • The average score is 28 of 40
Answer Stats
人口/駅数 自治体名 % Correct
20361.34 札幌市
100%
17541.75 恵庭市
100%
23552.8 江別市
94%
23447.14 苫小牧市
94%
21661.14 釧路市
94%
19513.13 旭川市
94%
14626.71 小樽市
94%
10819.1 北見市
94%
147 音威子府村
94%
56121 北広島市
88%
53107.67 帯広市
88%
19406.8 千歳市
88%
9830 稚内市
88%
17925.5 滝川市
81%
12132.5 岩見沢市
81%
10682.75 登別市
81%
10457.43 室蘭市
81%
629.5 中川町
81%
851.25 木古内町
81%
1147.75 長万部町
75%
1373.5 和寒町
75%
503.25 幌延町
69%
761.5 占冠村
69%
1474.33 森町
69%
1334 浦幌町
63%
1392.5 豊頃町
63%
1476.33 蘭越町
63%
1459 中富良野町
56%
16676 余市町
50%
10499 栗山町
50%
857.5 豊浦町
50%
1418.33 小清水町
50%
16831 美幌町
44%
777 愛別町
44%
1114.25 由仁町
44%
1167.5 黒松内町
44%
1188.67 清里町
38%
12519 幕別町
31%
1007 仁木町
31%
1061 秩父別町
31%
No matching quizzes found
Score Distribution
Percent of People with Each Score
Percentile by Number Answered
Your Score History
You have not taken this quiz